000 00753nam a2200265Ia 4500
003 OSt
005 20220927105306.0
006 a|||||r|||| 00| 0
007 ta
008 220926b |||||||| |||| 00| 0 eng d
020 _a8170418054
024 _a154283
037 _cReference Collections
040 _aRTL
_cRTL
_beng
041 _2eng
_aeng
082 _a"X:54.2.N9, N3"
100 _aNAGPAL CS Ed.
_9371431
245 0 _aIndias foreign trade
260 _aDelhi
_bAnmol publication
_c1993
300 _a"viii, 444p"
_ccm.
500 _aBibliography Chapterwise
700 _a MITTAL AC
_9371432
942 _h"X:54.2.N9, N3"
_cCC
999 _c691621
_d691621